000 00584pab a2200169 454500
008 180718b1996 xxu||||| |||| 00| 0 eng d
100 _aRobb, David J.
245 _aEthics in project management: issues, practice, and motive
260 _c1996
300 _ap.13-18
362 _aDec
520 _aA survey of project managers in New Zealand reveals that leadership, values, and openness are more critical to the ethical work environment than codes or frameworks. - Reproduced
650 _aManagement
650 _aProject management
773 _aPM Network
909 _a32948
999 _c32948
_d32948